000 00461nam a2200181Ia 4500
001 18067
005 20260306171603.0
008 260306s9999||||xx |||||||||||||| ||und||
041 _aESP
082 _a658.4
_bM26
100 _aMartínez-Echevarría, Miguel Alfonso
_eAUT
245 0 _aDirigir empresas:
_bde la teoría a la realidad
260 _c2005
300 _a331 páginas :
_c24 cm.
650 _aGEN
654 _aCAN
942 _cLIB
_dJUS
_fJUS
_2ddc
_n
999 _c18067
_d18067